000 00902pam a2200325 a 4500
001 1006618
003 OSt
005 20140310184443.0
008 871120s1989 nyua j 000 1 eng
010 _a 87032315
020 _a9780590447256
040 _aDLC
_cDLC
_dDLC
042 _alcac
050 0 0 _aPZ 8.3
_b.G94Is 1989
100 1 _aGuarino, Deborah.
_927585
245 1 0 _aIs your mama a llama? /
_cby Deborah Guarino ;Illustrated by Steven Kellogg.
260 _aNew York :
_bScholastic,
_c1989.
300 _bcol. ill. ;
_c25 cm.
521 _aG1
526 _c290
650 1 _aLlamas
_xFiction.
_927586
650 1 _aAnimals
_xFiction.
_927587
650 1 _aStories in rhyme.
_95554
700 1 _aKellogg, Steven,
_eill.
_927588
906 _a7
_bcbc
_corignew
_d1
_eocip
_f19
_gy-gencatlg
942 _2lcc
_cBK-SCHOLAS
999 _c34479
_d34479